[Event "Groningen"]
[Site "Groningen"]
[Date "1991.??.??"]
[Round "9"]
[White "Akopian, Vladimir Eduardovic"]
[Black "Romanishin, Oleg M"]
[Result "1/2-1/2"]
[WhiteElo "2590"]
[BlackElo "2600"]
[Annotator "Ribli,Z"]
[PlyCount "31"]
[EventDate "1991.12.??"]
[EventType "tourn"]
[EventRounds "9"]
[EventCountry "NED"]
[EventCategory "13"]
[SourceTitle "CBM 027"]
[Source "ChessBase"]
[SourceDate "1992.04.01"]
[SourceVersion "1"]
[SourceVersionDate "1992.04.01"]
[SourceQuality "1"]

1. Nf3 Nf6 2. c4 e6 3. g3 a6 4. Bg2 b5 5. b3 c5 6. O-O (6. Nc3 Qa5 7. Ne5 Ra7
8. cxb5 axb5 9. a4 Bb7 $1 10. O-O Bxg2 11. Kxg2 d6 $13 {Stangl,M-Romanishin,O
Dortmund-B 1991 CBM/23}) 6... Bb7 7. Bb2 (7. Nc3 bxc4 8. bxc4 Be7 9. Rb1 Bc6
10. e3 $6 (10. d3 $5) 10... O-O 11. d4 Ne4 12. Ne2 Nf6 13. Bb2 Ra7 14. d5 exd5
15. Bxf6 Bxf6 16. cxd5 Bb5 17. a4 Bxe2 18. Qxe2 d6 19. Nd2 Nd7 20. f4 Nb6 21.
Qd1 Bc3 22. Ne4 Bb4 23. g4 f6 24. Rf3 a5 $13 {Sorokin,M-Panchenko,AN Belgorod
1991 EXP/23}) 7... Be7 8. Nc3 bxc4 9. bxc4 Nc6 $1 (9... Qc7 10. Rb1 d6 11. Ba1
Bc6 12. e3 O-O 13. d4 cxd4 14. exd4 d5 15. Ne5 $1 $14 {Smyslov,V-Knezevic,M
Moscow Veteran 1991 CBM/25}) 10. Rb1 Rb8 11. Na4 O-O 12. d3 Ba8 $10 13. Bc3 Qc7
14. Qd2 d6 15. e3 h6 16. h3 1/2-1/2

[Event "Tilburg"]
[Site "Tilburg"]
[Date "1994.??.??"]
[Round "1"]
[White "Eingorn, Vereslav S"]
[Black "Kuijf, Marinus"]
[Result "1/2-1/2"]
[WhiteElo "2585"]
[BlackElo "2425"]
[Annotator "Ribli,Z"]
[PlyCount "84"]
[EventDate "1994.09.??"]
[EventType "k.o."]
[EventRounds "7"]
[EventCountry "NED"]
[SourceTitle "CBM 044"]
[Source "ChessBase"]
[SourceDate "1995.02.01"]
[SourceVersion "1"]
[SourceVersionDate "1995.02.01"]
[SourceQuality "1"]

1. c4 e6 2. Nf3 d5 3. b3 Nf6 4. Bb2 Be7 5. g3 O-O (5... a5 $5 6. a3 a4 $1 $13)
6. Bg2 a5 7. Nc3 (7. a3 $5 b6 (7... a4 8. b4 dxc4 9. Ne5 $14) 8. O-O Bb7 9. d3
Nbd7 10. Nc3 Re8 11. Qc2 $14 {Gelman,A-Lugovoi,A/Jurmala/1992/EXP28/}) 7... Bd7
(7... c6 8. O-O b6 9. d4 Ba6 10. Nd2 Nbd7 11. e4 $14) (7... d4 8. Nb5 c5 9. O-O
$14) 8. O-O Nc6 9. e3 (9. Rc1 $5 Re8 10. d4 Bd6 11. Qc2 $14) 9... Re8 10. d4
Bd6 11. Rc1 b6 12. Nb5 Na7 13. Nc3 (13. Nxd6 cxd6 14. cxd5 Nxd5 15. e4 Nf6 16.
e5 dxe5 17. Nxe5 Rc8 $13) 13... Nc6 14. Re1 (14. Qc2 $5 Bb4 15. Rfd1 $14) 14...
Bb4 15. Re2 Bxc3 16. Bxc3 a4 17. Be1 axb3 18. axb3 Ne4 19. Rec2 Na5 20. Bxa5
Rxa5 21. Ne5 (21. cxd5 $5 exd5 22. Rxc7 Nc5 23. R7xc5 $1 bxc5 24. dxc5 $44)
21... Ra7 22. Ra1 (22. cxd5 exd5 23. Nc6 Bxc6 24. Rxc6 $14) 22... Rxa1 23. Qxa1
f6 24. cxd5 exd5 (24... fxe5 $2 25. Bxe4 $18) 25. Nxd7 Qxd7 26. Qa7 Re7 27. Qb7
Kf7 28. b4 Kg6 29. Qc6 (29. Bxe4+ dxe4 30. Qc6 Qf5 $13) 29... Qf5 30. b5 h5 $1
31. h4 Kh6 $1 32. Rb2 g5 33. hxg5+ Qxg5 34. Bxe4 dxe4 35. Kf1 h4 36. gxh4 Qxh4
37. Ke1 Rg7 38. Re2 Rg1+ 39. Kd2 Ra1 40. Qe6 $1 (40. Qxc7 $2 Ra2+ 41. Kd1 Qh1+
42. Re1 Qf3+ $1 43. Kc1 Ra1+ 44. Kd2 Qxf2+ 45. Re2 Ra2+ 46. Kc3 Rxe2 $19) 40...
Kg7 41. Qe7+ Kg6 42. Qe8+ Kg7 1/2-1/2

[Event "Hastings 0102 77th"]
[Site "Hastings"]
[Date "2002.01.04"]
[Round "7"]
[White "Wells, Peter K"]
[Black "Barsov, Alexei"]
[Result "0-1"]
[WhiteElo "2517"]
[BlackElo "2525"]
[Annotator "Ribli,Z"]
[PlyCount "54"]
[EventDate "2001.12.29"]
[EventType "tourn"]
[EventRounds "9"]
[EventCountry "ENG"]
[EventCategory "11"]
[SourceTitle "CBM 087"]
[Source "ChessBase"]
[SourceDate "2002.03.21"]
[SourceVersion "1"]
[SourceVersionDate "2002.03.21"]
[SourceQuality "1"]

1. c4 e6 2. Nc3 Bb4 3. e4 $5 {Eine logische Fortsetzung - nach 3.d4 kann
Schwarz mit 3...Nf6 in die Nimzoindische Verteidigung überleiten.} (3. Qb3)
3... Ne7 (3... c5 4. f4 $14 {Kamsky,G-Zarnicki,P/Buenos Aires/1993/CBM37/INF47,
(6)/} (4. Nb5 d6 5. a3 Ba5 6. b4 cxb4 (6... a6 7. bxa5 axb5 8. cxb5 $14) 7. Qb3
{[%cal Gb3g3,Gg3g7,Gg3d6]}) (4. Qg4 Kf8 5. Bd3 Nc6 6. Qg3)) 4. Nf3 (4. d4 d5 5.
e5 {Es ist interessant, die Stellung nach 5.e5 mit der folgenden Variante der
Slawischen Verteidigung zu vergleichen:1.d4 d5 2.c4 c6 3.Nc3 c6 4.e4 Bb4 5.e5.
Hier spielt Schwarz normalerweise 5...c5 oder 5...Ne7, wobei er im Vergleich
zu unserer Partie ein glattes Tempo weniger hat.} c5 6. a3 Bxc3+ (6... cxd4 $5
7. axb4 dxc3 8. bxc3 Qc7 9. Nf3 dxc4 10. Qd4 (10. Qd6 Qxd6 11. exd6 Nf5 12. Bf4
$44) 10... b5 $13) 7. bxc3 Nbc6 8. Nf3 O-O (8... b6 $5) 9. Bd3 h6 10. O-O dxc4
11. Bxc4 cxd4 12. cxd4 b6 13. Qd3 Bb7 14. Ba2 Ng6 (14... Na5 15. Nh4 $1 $36)
15. d5 $5 {1-0 Hodgson,J-Rozentalis,E/Rakvere 1993/CBM 38/[Ribli] (34)}) 4...
c5 $5 $146 {Das ist bemerkenswert: Eine theoretische Neuerung im vierten Zug!}
(4... O-O 5. d4 (5. Be2 d5 6. exd5 exd5 7. Qb3 Bd6 $5 8. cxd5 Nd7 9. d4 Nb6 10.
Bg5 f6 $10 {0-1 Conquest,S-Rozentalis,E/Budapest 1996/CBM 56/[Ribli] (22)})
5... d5 6. cxd5 exd5 7. Bd3 dxe4 (7... c5 $5) 8. Bxe4 Nd5 $6 (8... c5) 9. O-O
Nf6 $2 (9... Bxc3 10. bxc3 Nxc3 11. Bxh7+ Kxh7 12. Qd3+ Kg8 13. Ng5 g6 14. Qxc3
$14) 10. Bg5 $16 {1-0 Krasenkow,M-Rozentalis,E/Krynica 1997/CBM 61 ext/
[Krasenkow] (18)}) 5. e5 Nbc6 {Dieser Zug opfert eigentlich einen Bauern.} (
5... d6) 6. Ne4 (6. Nb5 O-O 7. a3 Ba5 8. Bd3 Ng6 $15 9. Qe2 $2 Nf4 $17) 6...
O-O 7. a3 Ba5 8. Nxc5 Nxe5 9. Nxe5 {Weiß nimmt die Herausforderung an. Aber
die Alternative kommt auch stark in Betracht.} (9. b4 d6 10. Ne4 $14 {[%cal
Gc1b2]}) 9... d6 {[%cal Rd6c5,Rd6e5] Schwarz hat eine Figur und einen Bauern
weniger, aber er gewinnt die Figur zurück, und er hat Entwicklungsvorsprung in
komplitzierter Stellung.} 10. Nxf7 (10. Ned7 Re8 (10... Bxd7 11. Nxb7 Qb6 12.
Nxa5 Qxa5 13. Be2 Nf5 14. O-O Nd4 $14) 11. b4 Bc7 (11... dxc5 12. Nxc5 $16) 12.
Nf6+ gxf6 13. Ne4 Ng6 14. Bb2 e5 $15 {In folgendem Schwarz kann mit f6-f5 die
Initiative bekommen.}) (10. Ncd3 dxe5 11. Nxe5 Bc7 12. d4 Bxe5 13. dxe5 Qa5+
14. Qd2 Qxe5+ 15. Be2 $11) 10... Rxf7 11. Nb3 b5 $1 {[%mdl 64] Der usbekische
GM spielt phantasievoll und setzt auf rasche Figurenentwicklung.} (11... Qb6
12. f3 $16) (11... Bb6 12. d4) 12. Nxa5 Qxa5 13. b4 $2 {Dieser Zug kommt zwar
mit Tempo, aber das hilft nur dem Gegner - denn Schwarz möchte ohnehin 13...
Qb6 ziehen.} (13. cxb5 Qb6 $1 (13... Bd7 14. Be2 Bxb5 15. O-O $16) (13... Nd5
14. Be2 $16) 14. d4 (14. f3 Bb7 15. Bc4 d5 16. Bd3 e5 $44) 14... Nf5 15. Be3
Nxe3 16. fxe3 Bb7 $44) 13... Qb6 $36 14. d4 bxc4 15. Be3 (15. Bxc4 Qc6 $1)
15... Nf5 16. Bxc4 (16. Be2 Nxe3 17. fxe3 a5 $17) 16... Qc6 17. Qb3 {Weiß muss
das Feld c3 unter Kontrolle behalten, ansonsten kommt 17...d5 nebst 18...Qc3+.}
Qxg2 18. O-O-O $5 {Dieser Zug ist riskant, aber Weiß möchte die Türme
verbinden.} (18. Rf1) 18... a5 $1 19. b5 a4 {Dieser Zug kommt mit Tempo -
anschließend kann Schwarz den Pb5 angreifen, und Weiß kann nicht a3-a4 ziehen.}
20. Qb4 (20. Qc3 Rc7 {[%cal Rc7c1]} 21. Bxe6+ Bxe6 22. Qxc7 Rc8 $19) 20... Rc7
21. Kb1 (21. b6 Rc6) 21... Rb8 22. Bd3 (22. Ka1 Bd7 23. Rb1 Rcb7 24. Rhe1 d5
25. Bd3 Bxb5 $17) 22... Bd7 23. Ka1 Qd5 {[%mdl 2048]} 24. Rc1 $2 (24. Rb1 $142
Rcb7 25. Qxa4 Bxb5 26. Bxb5 Rxb5 27. Rxb5 Qxh1+ (27... Rxb5 28. Rc1 h5 $17) 28.
Ka2 Rf8 $17) 24... Rcb7 $17 {[%csl Rb5]} 25. Bc4 Qe4 26. Rhe1 Bxb5 27. Bd2 (27.
f3 Qxf3 28. Bxe6+ Kh8 29. Bg1 Bd7 $19) 27... Qxd4+ $19 0-1

[Event "Vienna"]
[Site "Vienna"]
[Date "1991.??.??"]
[Round "4"]
[White "Fauland, Alexander"]
[Black "Ribli, Zoltan"]
[Result "0-1"]
[WhiteElo "2475"]
[BlackElo "2595"]
[Annotator "Ribli,Z"]
[PlyCount "60"]
[EventDate "1991.10.??"]
[EventType "tourn"]
[EventRounds "9"]
[EventCountry "AUT"]
[EventCategory "12"]
[SourceTitle "CBM 026"]
[Source "ChessBase"]
[SourceDate "1992.02.01"]
[SourceVersion "1"]
[SourceVersionDate "1992.02.01"]
[SourceQuality "1"]

1. c4 e6 2. Nf3 Nf6 3. g3 d5 4. b3 a5 5. Bg2 a4 6. bxa4 (6. O-O c6 (6... axb3
$5) 7. Bb2 Nbd7 8. d3 Bc5 9. Nc3 $13 {Ermenkov,E-Simic,R Dieren op 1990 EXP/19}
) (6. Na3 Be7 7. Bb2 O-O 8. O-O Nbd7 9. d3 c6 $13 {Bagirov,V-Zaitshik,G Berlin
Thälmann 1989 CBM/13 47/(12)}) (6. Ba3 axb3 7. axb3 Bxa3 8. Nxa3 c6 9. O-O O-O
10. d3 $13 {Gurevich,D-Gurevich,M New York op 1989 CBM/12 47/12}) 6... Nbd7 7.
cxd5 exd5 8. Nc3 Nb6 9. Qb3 Be7 10. d4 O-O (10... Ne4 $5 11. Nxe4 dxe4 12. Nd2
Be6 13. Qc2 f5 14. Bb2 O-O $10) 11. Ne5 Ne4 $5 (11... Be6 $1 12. O-O Ne4 $1 $10
) 12. Nxd5 Nxd5 13. Bxe4 Nf6 14. Bc2 $5 Qxd4 15. Bb2 Bb4+ 16. Kf1 Bh3+ 17. Kg1
Qd5 $1 18. Nf3 $1 Be7 19. Rd1 (19. Bxf6 Qxb3 20. axb3 Bxf6 21. Rd1 Rfd8 $44)
19... Qc6 20. Rc1 Qd5 21. e4 $2 (21. Rd1 Qc6 22. Rc1 $10) 21... Qh5 $1 22. Nd4
g6 $1 23. Bd1 Qa5 24. Bc3 Qg5 $1 25. Bb2 (25. f4 Qc5 $44) 25... Nxe4 26. f4 Qa5
27. Qe3 Rfe8 $1 28. Bc2 (28. Qxe4 Bc5 $19) 28... Nf6 29. Qc3 Bb4 30. Qc4 Bd2
0-1

[Event "URS-ch58"]
[Site "Moscow"]
[Date "1991.??.??"]
[Round "1"]
[White "Makarov, Marat"]
[Black "Sveshnikov, Evgeny"]
[Result "1/2-1/2"]
[WhiteElo "2475"]
[BlackElo "2540"]
[Annotator "Ribli,Z"]
[PlyCount "32"]
[EventDate "1991.11.??"]
[EventType "swiss"]
[EventRounds "11"]
[EventCountry "URS"]
[SourceTitle "URS-ch"]
[Source "ChessBase"]
[SourceDate "1999.07.01"]
[SourceVersion "1"]
[SourceVersionDate "1999.07.01"]
[SourceQuality "1"]

1. c4 e6 2. g3 d5 3. Bg2 Nf6 4. Nf3 dxc4 5. Qa4+ Nbd7 6. Qxc4 a6 7. Qc2 (7. Qb3
c5 (7... Rb8 8. a4 c5 9. d3 Bd6 10. a5 Bc7 11. Qa3 $14 {Stangl,M-Taimanov,M
Wildbad (05) 1990 EXP/20}) 8. d3 Qc7 9. a4 b6 10. Na3 Bb7 11. Nc4 Be7 12. Bf4
$14 {Stangl,M-Anand,V Oakham 1990 EXP/16}) 7... c5 8. d3 (8. Nc3 $5 Ra7 9. O-O
b5 10. d4 Bb7 11. Rd1 Qa8 12. Bg5 c4 $13 {Casagrande,H-Zlatilov,I Ptuj 1991
EXP/24}) (8. O-O b5 9. Nc3 Bb7 10. Ng5 $10 {Polajzer,D-Brglez,R Ptuj 1991 EXP/
24}) (8. d4 $5 b6 9. Ng5 Ra7 10. dxc5 Bxc5 11. Nc3 O-O 12. O-O Bb7 13. Bxb7
Rxb7 14. Rd1 Qc8 15. Qd3 Rc7 16. Bf4 e5 17. Be3 $14 {Vaulin,A-Matychenkov,V
Smolensk 1991 CBM/24}) 8... b6 9. O-O Bb7 10. b3 Be7 11. Bb2 O-O 12. Nbd2 Nd5
13. Rac1 Bf6 14. Nc4 Qc7 15. Bxf6 N5xf6 16. Qb2 Rac8 1/2-1/2

[Event "Beersheba"]
[Site "Beersheba"]
[Date "1993.??.??"]
[Round "3"]
[White "Gurevich, Dmitry"]
[Black "Mikhalevski, Victor"]
[Result "1-0"]
[WhiteElo "2575"]
[BlackElo "2380"]
[Annotator "Ribli,Z"]
[PlyCount "69"]
[EventDate "1993.??.??"]
[EventType "tourn"]
[EventRounds "11"]
[EventCountry "ISR"]
[EventCategory "12"]
[SourceTitle "CBM 038"]
[Source "ChessBase"]
[SourceDate "1994.02.01"]
[SourceVersion "1"]
[SourceVersionDate "1994.02.01"]
[SourceQuality "1"]

1. Nf3 d5 2. c4 e6 3. g3 dxc4 4. Qa4+ Nd7 5. Bg2 Ngf6 6. Qxc4 c5 7. d3 Bd6 8.
a4 b6 $6 (8... O-O $5 9. O-O b6 $13 {Makarov,M-Sveshnikov,E/Podolsk/1992/CBM33/
INF57,9/}) 9. Nd4 Ne5 10. Nc6 $1 Nxc6 (10... Nxc4 $2 11. Nxd8 Rb8 12. Nc6 Bb7
13. dxc4 Rc8 14. Nxa7 $18) 11. Bxc6+ Bd7 12. Bxa8 Qxa8 13. O-O h5 14. h4 Bc6
15. Nc3 Qb8 (15... Bg2 16. Re1 Bh3 17. Ne4 $18) 16. Bf4 e5 17. Bg5 e4 (17...
Ng4 18. f3 Nh6 19. e4 $18) 18. Bxf6 Bxg3 19. Bg5 (19. Nxe4 $2 Bh2+ 20. Kh1 gxf6
21. f3 Be5 $13 {/\ Dc8}) 19... Bh2+ (19... exd3 20. e4 $18) 20. Kh1 Be5 (20...
exd3+ 21. e4 $18) 21. dxe4 Qc8 22. Qd3 f6 23. f4 $1 (23. Bd2 $2 Qg4 $1 $13)
23... Bxc3 24. Qxc3 O-O 25. Kh2 fxg5 26. fxg5 Re8 27. Rf4 Qc7 (27... Bxe4 28.
Qc4+ $18) 28. Qg3 Qe5 (28... Bxe4 29. Rf8+ $18) 29. Raf1 Qxb2 30. g6 $1 Qxe2+
31. R1f2 Qd1 32. Qh3 Qd6 33. Qf5 $1 Bxe4 $2 (33... Kh8 34. e5 $18) 34. Qf7+ Kh8
35. Qxe8+ 1-0

[Event "BIH-chT"]
[Site "Neum"]
[Date "2004.06.03"]
[Round "6.4"]
[White "Kurajica, Bojan"]
[Black "Feletar, Darko"]
[Result "1-0"]
[WhiteElo "2540"]
[BlackElo "2395"]
[Annotator "Ribli,Z"]
[PlyCount "103"]
[EventDate "2004.05.29"]
[EventType "team"]
[EventRounds "9"]
[EventCountry "BIH"]
[SourceTitle "CBM 102"]
[Source "ChessBase"]
[SourceDate "2004.09.23"]
[SourceVersion "1"]
[SourceVersionDate "2004.09.23"]
[SourceQuality "1"]
[WhiteTeam "Sarajevo Bosna"]
[BlackTeam "Siroki Brijeg"]
[WhiteTeamCountry "BIH"]
[BlackTeamCountry "BIH"]

1. c4 e6 2. Nf3 d5 3. g3 Nf6 4. Bg2 dxc4 5. Qa4+ c6 {Mit diesem Zug möchte
Schwarz später seinen Damenflügel mit 6...b5 und 7...Bb7 entwickeln. Mir fällt
auf, dass diese einfache Spielweise in letzter Zeit sehr populär ist.} 6. Qxc4
b5 7. Qc2 Bb7 8. O-O Nbd7 9. b3 c5 10. Bb2 Be7 11. d3 O-O 12. Nbd2 a6 $5 (12...
Nd5 $5 {[%csl Gd5][%cal Ge7f6,Gf6b2]} 13. Rac1 (13. a3 $11) 13... a5 $1 $36 {
[%cal Ga5a4]} 14. a4 (14. e4 Nb4 15. Qb1 a4 $36) (14. a3 a4 $36) 14... Nb4 15.
Qb1 bxa4 16. bxa4 Nb6 17. Qa1 f6 $15 18. Nc4 Nxc4 19. Rxc4 Bd5 20. Rc3 Qd7 21.
Nd2 Qb7 $1 $15 {0-1 Kosten,A-Adams,M/France 2003/CBM 94/[Ribli] (33)}) 13. Rac1
Rc8 14. Qb1 Qb6 15. Rc2 {Das ist ein einfacher und guter Plan - Weiß
verdoppelt die Türme auf der c-Linie.} Rfd8 16. Rfc1 h6 (16... Qa7 17. a3 Qa8
18. Qa1 Nb6 19. Bh3 a5 {1/2-1/2 Ionescu,C-Rogozenko,D/Bucharest 2002/CBM 88 
(28)}) 17. Qa1 Bf8 $11 {Schwarz hat eine bequeme Stellung, ohne Schwächungen.}
18. a3 Qa7 19. Ne1 {[%cal Gg2b7][%mdl 32] Das ist eine gute strategische Idee
- die beste Figur des Gegners zu tauschen.} Bxg2 (19... Nd5 $11) 20. Nxg2 Qb7
21. Nf3 Qa8 (21... Nd5 $11) 22. Ne3 Bd6 $6 (22... Nd5 23. Ng2 $11 (23. Nxd5
Qxd5 $15) (23. Ng4 $11)) 23. Ne5 {[%csl Ge5][%cal Ga1h8]} Bf8 (23... Nxe5 24.
Bxe5 Bxe5 25. Qxe5 Nd7 26. Qf4 $14) 24. Nxd7 Nxd7 25. Nf1 Qb7 (25... Qd5 26.
Nd2 $11) 26. Nd2 Rc7 27. Bc3 {[%cal Rc3a5,Ra5d8]} Rc6 28. Nf3 Rcc8 29. Ba5 Re8
30. d4 $1 {Stufenweise verbessert Weiß seine Stellung, aber Schwarz hat noch
keine Probleme.} Bd6 (30... cxd4 31. Rc7 Rxc7 32. Rxc7 Qd5 33. Qxd4 Nc5 $11 (
33... Nf6 $11)) 31. dxc5 Bxc5 $6 {Es wäre viel natürlicher ein Turmpaar zu
tauschen. Weiß bekommt nun die Initiative auf der c-Linie.} (31... Rxc5 $142
$11) 32. Ne5 $14 Bd6 (32... Nxe5 33. Rxc5 (33. Qxe5 $2 Bxa3 $17) 33... Rxc5 34.
Rxc5 Nd7 35. Rc7 Qd5 36. Qb2 $14) 33. Nxd7 Qxd7 34. Qd4 $1 {[%csl Ga5,Gd4]
[%cal Gc1c8] Endlich zentralisiert Weiß die Dame. Die Bauernstellung ist
symmetrisch, aber Weiß hat fühlbaren positionellen Druck.} Rxc2 35. Rxc2 e5 36.
Qd5 {[%csl Ga5,Gd5][%cal Gc2c8]} Qe6 37. e4 $1 $16 (37. Qxe6 Rxe6 38. a4 bxa4
39. bxa4 e4 40. Rc6 Be5 41. Rxe6 fxe6 $11) 37... Bxa3 (37... Qxd5 38. exd5 Bxa3
(38... Kf8 39. Rc6 Ke7 40. Rxa6 Bxa3 41. Ra7+ Kf6 (41... Kd6 42. Bc7+ $18) 42.
b4 $18 {[%cal Gd5d6,Gd6d7]}) 39. b4 $1 (39. Rc6 Re7 40. Rxa6 (40. Rc8+ Kh7 41.
Rd8 e4 $11) 40... Rd7) 39... Re7 40. Rc3 Bb2 41. d6 Rd7 42. Rc8+ Kh7 43. Rd8
$18) 38. b4 {[%csl Ra3]} h5 (38... Qxd5 39. exd5 Re7 40. d6 Rd7 41. Rc3 Bb2 42.
Rc8+ Kh7 43. Rd8 Rxd8 44. Bxd8 Bc3 45. Ba5 $18) 39. Qd3 {[%cal Rd3a3]} Bxb4 40.
Bxb4 $16 {Weiß hat eine Figur mehr, die schwarzen zwei Bauern sind keine
ausreichende Kompensation dafür.} h4 41. Kg2 hxg3 42. hxg3 Rc8 43. Rxc8+ Qxc8
44. Qd5 {[%mdl 4096]} Qb8 45. Bd6 Qb6 46. Bxe5 $18 b4 47. Bd4 Qb8 48. Qg5 Qf8
49. Qe5 b3 50. Bb2 f6 51. Qd5+ Qf7 52. Kf3 1-0

[Event "SVK-ch"]
[Site "Kaskady"]
[Date "2002.07.03"]
[Round "7"]
[White "Romanishin, Oleg M"]
[Black "Markos, Jan"]
[Result "1-0"]
[WhiteElo "2571"]
[BlackElo "2467"]
[Annotator "Ribli,Z"]
[PlyCount "63"]
[EventDate "2002.06.27"]
[EventType "tourn"]
[EventRounds "11"]
[EventCountry "SVK"]
[EventCategory "12"]
[SourceTitle "CBM 090"]
[Source "ChessBase"]
[SourceDate "2002.09.20"]
[SourceVersion "1"]
[SourceVersionDate "2002.09.20"]
[SourceQuality "1"]

1. Nf3 Nf6 2. c4 e6 3. g3 a6 {Das ist interessant: Schwarz spielt die
Romanishin Variante gegen keinen anderen als Romanishin selbst!} 4. Bg2 b5 5.
d3 {Die Hauptidee des Textzuges besteht in der Vorbereitung von e2-e4.} c5 6.
O-O (6. Nc3 Qb6 7. e3 Bb7 8. Qe2 Bc6 9. e4 Be7 10. e5 Ng4 11. h3 Nh6 12. Ne4
O-O 13. O-O Nf5 14. b3 d5 15. exd6 Nxd6 16. Nxd6 Bxd6 17. Bb2 Nd7 18. Rad1 {
1/2-1/2 Sorokin,M-Ionov,S/Hyderabad 2000/CBM 79 (18)}) (6. e4 $5) 6... Bb7 7.
Nc3 (7. Na3 Bc6 (7... bxc4 8. dxc4 d6 9. Bf4 Qc7 10. Nc2 Nbd7 11. b3 Be7 12.
Nd2 Bxg2 13. Kxg2 Qc6+ 14. e4 Nxe4 15. Qf3 f5 16. Rfe1 e5 17. Bg5 Bxg5 18. Nxe4
fxe4 19. Qh5+ g6 20. Qxg5 O-O {1/2-1/2 Doll-Terzic/Baden-Baden 1987/TD (64)})
8. e4 d6 9. b4 cxb4 10. cxb5 axb5 11. Nc2 Ra4 12. Bd2 Na6 13. Qb1 Be7 14. Nxb4
Nxb4 15. Bxb4 O-O {1/2-1/2 Hansen,C-King,D/Dortmund 1988/CBM 07 (22)}) 7... b4
{Dieser Zug kommt zwar mit Tempo, aber in der Folge kann Schwarz seine
Bauernstruktur am Damenflügel nicht mehr ändern.} (7... Qb6 $142 {Das ist
meine Empfehlung - jetzt bleibt die schwarze Bauernstruktur am Damenflügel
elastisch.}) 8. Na4 d6 (8... Be7 9. d4 {Meines Erachtens ist dieser Zug nicht
sehr logisch. Weiß sollte sein Spiel mit e2-e4 verstärken können.} (9. e4) 9...
cxd4 10. Qxd4 d5 11. cxd5 Bxd5 12. Nb6 Nc6 13. Qe3 Ng4 14. Qf4 Qxb6 15. Qxg4
Bf6 16. Rd1 Rd8 17. Be3 Qb7 18. Bg5 Bxg5 19. Qxg5 O-O {1/2-1/2 Ruck,R-Markos,J/
Leipzig 2002 (32)}) 9. e4 {[%mdl 4]} Be7 {Schwarz fürchtet sich nihct vor
e4-e5. Dabei gibt es eine Reihe von Möglichkriten, diesen Durchbruch zu
verhindern.} (9... Nbd7 $5) (9... Nc6 $5) (9... e5 $5) 10. e5 dxe5 11. Nxe5
Bxg2 12. Kxg2 O-O {Dieser Zug scheint mir zu schablonenhaft. Schwarz sollte
stattdessen zuerst den Ne5 attackieren.} (12... Bd6 $5 13. f4 (13. Qf3 Ra7 14.
Re1 Qc7 15. Bf4 O-O $11 16. d4 cxd4 17. c5 Bxe5 18. Bxe5 Qc6 $17 19. Bxd4 $2
Qxa4 20. Bxf6 gxf6 21. Qxf6 Qc6+ 22. f3 Nd7 $19) 13... O-O 14. Be3 $14 {
[%cal Gd3d4]}) 13. Qf3 Ra7 14. Be3 $14 {[%cal Gd3d4] Weiß setzt auf d3-d4.}
Nfd7 {Schwarz muss den starken Ne5 abtauschen.} (14... Qa5 15. b3 Nfd7 16. Nxd7
(16. d4 $14) 16... Nxd7 17. d4 $14) 15. Nxd7 (15. d4 Nxe5 16. dxe5 Nd7 17. Qe4
$14) 15... Nxd7 16. d4 {Endlich kann Weiß den Zug d3 - d4 durchsetzen - nun
bekommt er die Vorherrschaft über das Zentrum.} cxd4 17. Bxd4 {[%csl Ga4,Gd4,
Gf3] Weiß hat dank seiner aktiven Figuren positionellen Vorteil.} Rc7 18. b3
Bf6 (18... e5 $6 19. Bb6 Nxb6 20. Nxb6 $16 {[%csl Yd5][%cal Gb6d5]}) (18... Qa8
19. Rad1 $14) 19. Rad1 {[%cal Gd1d8]} Qe7 (19... Bxd4 20. Rxd4 Qe7 21. Rfd1 $14
) 20. Be3 $5 {Weiß behält die Läufer auf dem Brett. Zu Recht, denn der der Bf6
steht nur scheinbar aktiv. Der weiße Freibauer auf der c-Linie wird hingegen
zunehmend stärker.} (20. Rfe1) 20... Be5 {Dieser Zug alleine ist zwar noch
nicht schlecht, aber er dient der Realisierung eines schlechten Plans.} (20...
Rd8 $14) 21. Rfe1 {[%cal Ge1e7]} f5 $2 {[%mdl 16384] Dieser scheinbar aktive
Zug schwächt nur die eigene Stellung.} (21... Rd8 $14) 22. Bb6 $1 $16 {Dieser 
(für Schwarz) überraschende Läuferzug gewinnt Material.} f4 (22... Nxb6 23.
Nxb6 $16 {[%csl Re5][%cal Gb6d5,Gd5c7,Gd5e7,Re1e7] Der Be5 steht sehr schlecht
- wenn er wegzeiht, kommt 24.Nd5. Und nach 23...Qf6 oder 23...Qc5 kann Weiß 24.
Nd7 spielen.}) 23. g4 $1 {Weiß beschäftigt sich noch nicht mit dem Rc7,
sondern sichert zuerst seine Königsstellung.} (23. Bxc7 fxg3 (23... Bxc7 24.
Qd5 $2 $18 (24. g4 $6 Ne5 $132)) 24. Qc6 Rxf2+ 25. Kg1 $18) 23... Bd6 24. Bxc7
Bxc7 25. c5 {[%csl Gc5]} Ne5 (25... Nxc5 26. Nxc5 Qxc5 27. Rxe6 $18) 26. Rxe5
$1 {Weiß spielt einen gepflegten positionellen Stil: er gibt die Qualität
zurück und gewinnt die Partie mit seinem c-Bauern. Hier, wie bereits in der
ganzen Partie, macht Weiß spürbar Druck auf den weißen Feldern.} (26. Qh3 f3+
$132) 26... Bxe5 27. c6 {[%csl Gc6]} Rd8 (27... Bd6 28. Nb6 $16) 28. Rxd8+ Qxd8
29. Nc5 {[%csl Gc5,Gc6,Gf3]} Kf7 30. Qe4 $18 {[%csl Gc5,Ge4] Weiß hat
entscheidenden positionellen Vorteil. Seine Figuren beherrschen das Brett -
Schwarz ist hilflos.} (30. Nxa6 $2 Qb6 31. Qe4 Qxa6 32. Qxe5 Qxc6+ $11) 30...
Qg5 (30... Qd6 31. Nd3 $18) 31. h3 h5 32. c7 $1 (32. c7 Bxc7 33. Qxe6+ Kf8 34.
Nd7#) 1-0